000 00593nam a22001937a 4500
999 _c173057
_d173057
005 20200218113418.0
010 _aENG-127894
020 _c325.00
_a9780199492794
035 _aEN-111426
037 _bDBAD/PUB
082 _a306.87430954
100 _aMajumdar, Anindita
245 _aSurroggacy :
_cby Anindita Majumdar
260 _aNew Delhi
_c2019
_bOxford University Press
270 _a2/11 Ground Floor,Ansari Road,Dariyaganj
_e110002
_bNew Delhi
300 _a144p.
_b19(hb)
500 _aincludes bibliographical references and index
942 _2ddc
_cEN
_hMAJ
_k306.87430954